Narrar las bananeras : del acontecimiento histórico al acontecimiento teatral (1968-1972) /

Bibliographic Details
Main Author: Jiménez Tacué, Daniel (Author)
Format: Electronic eBook
Language:Spanish
Published: Popayán, Colombia : Editorial Universidad del Cauca, 2023.
Edition:Primera edición en español.
Subjects:
Online Access:Digitalia Hispánica

MARC

LEADER 00000nam a2200000Ii 4500
001 DIGUCAUCA0173
003 NyNyDIG
006 m o d
007 cr |||||||||||
008 250611s2023 ck a ob 001 0 spa d
035 |a (OCoLC)1517285966 
040 |a DGITA  |b eng  |e rda  |e pn  |c DGITA 
020 |a 9789587326079  |q digital 
020 |z 9789587326055  |q impreso 
043 |a s-ck--- 
050 1 4 |a PN3018.C7 ebook 
100 1 |a Jiménez Tacué, Daniel,  |e author. 
245 1 0 |a Narrar las bananeras :  |b del acontecimiento histórico al acontecimiento teatral (1968-1972) /  |c Daniel Jiménez Tacué. 
250 |a Primera edición en español. 
264 1 |a Popayán, Colombia :  |b Editorial Universidad del Cauca,  |c 2023. 
300 |a 1 online resource :  |b illustrations. 
336 |a text  |b txt  |2 rdacontent 
337 |a computer  |b c  |2 rdamedia 
338 |a online resource  |b cr  |2 rdacarrier 
347 |a text file  |2 rdaft  
347 |b PDF 
504 |a Includes bibliographical references and index. 
588 0 |a Online resource; title from PDF title page (Digitalia, viewed June 11, 2025) 
650 0 |a Theater  |z Colombia. 
650 0 |a Massacres  |z Colombia  |z Ciénaga (Magdalena) 
776 0 8 |i Print version:  |a Jiménez Tacué, Daniel.  |t Narrar las bananeras.  |b Primera edición en español.  |d Popayán, Colombia : Editorial Universidad del Cauca, 2023  |z 9789587326055 
791 2 |a Digitalia (Firm),  |e distributor. 
793 0 |g Digitalia eBook Collection:  |a Editorial Universidad del Cauca 
856 4 0 |3 Digitalia Hispánica  |u https://www.digitaliapublishing.com/a/173797/ 
910 |a Premium collection: 2025